00305nam a2200109 a 450000500170000000800410001702000180005805000270007624500460010326000370014930000090018620140412111304.0110408s19uu xx 00 eng d a962-00-1110-4 aTR(GS 420.7bGo63 1985 aGogo's adventures with English :bReader. aHongkong :bLongman Asia,c1995. a58p.